The PVH (Record no. 186542)
[ view plain ]
| 000 -LEADER | |
|---|---|
| fixed length control field | 00512 a2200169 4500 |
| 003 - CONTROL NUMBER IDENTIFIER | |
| control field | Nust |
| 005 - DATE AND TIME OF LATEST TRANSACTION | |
| control field | 20170207153442.0 |
| 040 ## - CATALOGING SOURCE | |
| Transcribing agency | Nust |
| 082 ## - DEWEY DECIMAL CLASSIFICATION NUMBER | |
| Classification number | 954.9123 |
| 100 ## - MAIN ENTRY--PERSONAL NAME | |
| Personal name | George Hurst |
| 245 ## - TITLE STATEMENT | |
| Title | The PVH |
| 260 ## - PUBLICATION, DISTRIBUTION, ETC. | |
| Place of publication, distribution, etc. | London |
| Name of publisher, distributor, etc. | Dados |
| Date of publication, distribution, etc. | 1934 |
| 300 ## - PHYSICAL DESCRIPTION | |
| Extent | 121 |
| 505 ## - FORMATTED CONTENTS NOTE | |
| Formatted contents note | The History of the Hunt (Page-1) The Hounds (Page-45) The Country (Page-59) The Quarry (Page-77) The Sport (Page-89) The Point to Point Races (Page-99) The Appendices (Page-107) |
| 538 ## - SYSTEM DETAILS NOTE | |
| System details note | Almirah No.63 Shelf No.3 |
| 650 ## - SUBJECT ADDED ENTRY--TOPICAL TERM | |
| Topical term or geographic name entry element | The PVH |
| 942 ## - ADDED ENTRY ELEMENTS (KOHA) | |
| Source of classification or shelving scheme | |
| Koha item type | Book |
| Withdrawn status | Lost status | Source of classification or shelving scheme | Damaged status | Not for loan | Collection code | Permanent Location | Current Location | Date acquired | Total Checkouts | Full call number | Barcode | Date last seen | Price effective from | Koha item type |
|---|---|---|---|---|---|---|---|---|---|---|---|---|---|---|
| Military College of Signals (MCS) | Military College of Signals (MCS) | 12/12/2016 | 954.9123 HUR | MCS29645 | 12/08/2016 | 12/12/2016 | Book | |||||||
| Military College of Signals (MCS) | Military College of Signals (MCS) | 12/12/2016 | 954.9123 HUR | MCS29698 | 12/08/2016 | 12/12/2016 | Book |
